[Event "Interclubs C.Valenciana - D.Honor"]
[Site "Alfás del Pi ESP"]
[Date "2005.01.23"]
[Round "3.4"]
[White "Salvador Lopez, Daniel"]
[Black "Mancebo Ibanez, Fernando"]
[Result "1-0"]
[WhiteElo "2127"]
[BlackElo "2245"]
[PlyCount "89"]
[EventDate "2005.01.22"]
[EventType "team"]
[EventRounds "10"]
[EventCountry "ESP"]
[Source "lmi"]
[SourceDate "2005.01.25"]
[WhiteTeam "Ciudad de Manises IV"]
[BlackTeam "Valencia V"]
[WhiteTeamCountry "ESP"]
[BlackTeamCountry "ESP"]

1. d4 d5 2. Nf3 c6 3. Bf4 Bf5 4. Nbd2 e6 5. c4 Bd6 6. Bxd6 Qxd6 7. Qb3 Qc7 8.
Rc1 Nf6 9. Nh4 Be4 10. f3 dxc4 11. Qc3 Bg6 12. Nxg6 hxg6 13. Nxc4 O-O 14. e4
Nbd7 15. Be2 Rfe8 16. O-O e5 17. dxe5 Nxe5 18. Nxe5 Rxe5 19. Rfd1 g5 20. g4
Rae8 21. Rd4 Nd5 22. Qd2 Nf4 23. Bf1 Qb6 24. Kh1 R8e7 25. Rd1 Ne6 26. Rd6 Nf4
27. h4 Qc7 28. Bc4 Kh7 29. hxg5 Nd5 30. Bxd5 cxd5 31. Rxd5 Kg8 32. Rd8+ Re8 33.
Qd7 Qxd7 34. R1xd7 Rxd8 35. Rxd8+ Kh7 36. Rd7 Rb5 37. b3 Kg6 38. Kg2 a5 39. Kg3
a4 40. bxa4 Rb4 41. a5 Rb5 42. Rd5 Rxd5 43. exd5 Kxg5 44. f4+ Kf6 45. Kf3 1-0

[Event "Interclubs C.Valenciana - D.Honor"]
[Site "Alfás del Pi ESP"]
[Date "2005.01.23"]
[Round "3.5"]
[White "Buenafe Moya, Javier"]
[Black "Remoli Sargues, Francisco"]
[Result "1-0"]
[WhiteElo "2262"]
[BlackElo "2115"]
[PlyCount "139"]
[EventDate "2005.01.22"]
[EventType "team"]
[EventRounds "10"]
[EventCountry "ESP"]
[Source "lmi"]
[SourceDate "2005.01.25"]
[WhiteTeam "Ciudad de Manises IV"]
[BlackTeam "Valencia V"]
[WhiteTeamCountry "ESP"]
[BlackTeamCountry "ESP"]

1. c4 g6 2. Nc3 Bg7 3. g3 Nf6 4. e4 d6 5. Bg2 O-O 6. f4 e5 7. Nf3 Nbd7 8. O-O
c6 9. d3 Qc7 10. Nh4 Nb6 11. f5 d5 12. Qe2 dxc4 13. dxc4 Qe7 14. Nd1 Qc5+ 15.
Ne3 g5 16. Nf3 h6 17. Qd3 a5 18. a4 Qe7 19. Rd1 Nbd7 20. b3 Nc5 21. Ba3 b6 22.
Qd6 Qxd6 23. Rxd6 Nfxe4 24. Rxc6 Rd8 25. Nd5 Nxb3 26. Re1 Nec5 27. f6 Bf8 28.
Ne7+ Bxe7 29. fxe7 Re8 30. Rxh6 Rxe7 31. Nxe5 Rb8 32. Bd5 Kg7 33. Rd6 f6 34.
Rxf6 Kxf6 35. Bb2 Rxe5 36. Bxe5+ Kg6 37. Bxb8 Nxa4 38. Re8 Bd7 39. Rg8+ Kf6 40.
Rf8+ Kg6 41. Be5 Nac5 42. Rf6+ Kh7 43. Rxb6 a4 44. Bf7 g4 45. Rb8 Kh6 46. Bf6
Bf5 47. h3 Ne4 48. Rh8+ Bh7 49. Bb2 gxh3 50. Bg8 Ng5 51. Bxh7 Nxh7 52. Ra8 Ng5
53. Kh2 Nd2 54. Bc1 Nf1+ 55. Kg1 Nxg3 56. Bxg5+ Kxg5 57. c5 Ne2+ 58. Kh2 Nd4
59. Rxa4 Nf3+ 60. Kxh3 Ne5 61. Ra6 Kf5 62. Rd6 Nf7 63. Rd1 Ne5 64. Kg3 Ke6 65.
Kf4 Ng6+ 66. Ke4 Ne7 67. Rd6+ Kf7 68. c6 Nc8 69. Ke5 Ke7 70. Rd7+ 1-0

[Event "Interclubs C.Valenciana - D.Honor"]
[Site "Alfás del Pi ESP"]
[Date "2005.01.23"]
[Round "3.6"]
[White "Andres Julia, Vicente Ramon"]
[Black "Carrasco Sagredo, Manuel"]
[Result "0-1"]
[WhiteElo "2065"]
[BlackElo "2096"]
[PlyCount "104"]
[EventDate "2005.01.22"]
[EventType "team"]
[EventRounds "10"]
[EventCountry "ESP"]
[Source "lmi"]
[SourceDate "2005.01.25"]
[WhiteTeam "Ciudad de Manises IV"]
[BlackTeam "Valencia V"]
[WhiteTeamCountry "ESP"]
[BlackTeamCountry "ESP"]

1. e4 e5 2. Nf3 Nc6 3. d4 exd4 4. Bc4 Bc5 5. c3 d3 6. b4 Bb6 7. a4 a6 8. Qb3
Qe7 9. O-O h6 10. a5 Ba7 11. Nbd2 d6 12. b5 axb5 13. Qxb5 Qd7 14. e5 Nge7 15.
exd6 cxd6 16. Ba3 O-O 17. Bxd3 d5 18. Rfe1 Rd8 19. Nb3 Qc7 20. Nc5 Bb8 21. Qb6
Nf5 22. Qxc7 Bxc7 23. Nxb7 Bxb7 24. Bxf5 Bxa5 25. Bb2 g6 26. Bd3 d4 27. Bc2
Bxc3 28. Bxc3 dxc3 29. Rxa8 Rxa8 30. Rc1 Nb4 31. h3 Bxf3 32. gxf3 Nxc2 33. Rxc2
Rc8 34. Kf1 Kg7 35. Ke2 Kf6 36. f4 Kf5 37. Kf3 Rc7 38. Ke3 Rc4 39. f3 Rc7 40.
h4 h5 41. Rc1 c2 42. Kf2 Kxf4 43. Ke2 Kg3 44. Ke3 Kxh4 45. Kf4 Rc4+ 46. Ke3 Kg5
47. Kd3 Rc8 48. Ke3 Kf5 49. Kf2 g5 50. Kg3 h4+ 51. Kh3 Kf4 52. Kg2 f5 0-1